Zusammenarbeit der Bankaufsichtsbehörden.

Niektoré otázky realizácie smerníc ku koordinácii bankového práva v národnom práve členských krajín ES. Rozdiely v právnej oblasti úverových ústavov a ich vymedzenia v Nemecku v otázke tvorby filiálok. Miera voľnosti pri zakladaní filiálok a rozširovaní služieb. Spolupráca dozorných úradov a ich zod...

ver descrição completa

Na minha lista:
Detalhes bibliográficos
Autor principal: Kuntze, W.
Formato: Capítulo de Livro
Idioma:alemão
Assuntos:
Tags: Adicionar Tag
Sem tags, seja o primeiro a adicionar uma tag!

MARC

LEADER 00000naa a2200000 4500
001 r013326
005 20221213085407.8
041 0 |a ger 
044 |a DE 
245 1 0 |a Zusammenarbeit der Bankaufsichtsbehörden.  |c W. Kuntze 
520 |a Niektoré otázky realizácie smerníc ku koordinácii bankového práva v národnom práve členských krajín ES. Rozdiely v právnej oblasti úverových ústavov a ich vymedzenia v Nemecku v otázke tvorby filiálok. Miera voľnosti pri zakladaní filiálok a rozširovaní služieb. Spolupráca dozorných úradov a ich zodpovednosť za finančnú soliditu. Ochrana záujmov klientov. Kompetencie dozorných úradov. 
610 2 0 |a Európske spoločenstvá 
610 2 0 |a koordinácia 
610 2 0 |a legislatíva 
610 2 0 |a služby finančné 
610 2 0 |a banky 
610 2 0 |a právo finančné 
610 2 0 |a Nemecko 
610 2 0 |a filiálky 
610 2 0 |a kontrola banková 
100 1 |a Kuntze, W.